[Event "Small Nations"]
[Site "?"]
[Date "2015.04.23"]
[Round "7.11"]
[White "Van Hoolandt, Patrick"]
[Black "Hawes, Jonathan"]
[Result "1/2-1/2"]
[BlackElo "2158"]
[WhiteElo "2107"]
[LiveChessVersion "1.4.5"]

1. d4 {[%clk 1:30:58]} d6 {[%clk 1:30:54]} 2. c4 {[%clk 1:31:21]} e5
{[%clk 1:31:20]} 3. Nc3 {[%clk 1:31:41]} exd4 {[%clk 1:31:37]} 4. Qxd4
{[%clk 1:32:08]} Nf6 {[%clk 1:32:01]} 5. b3 {[%clk 1:31:39]} Nc6 {[%clk 1:27:09]}
6. Qd2 {[%clk 1:32:03]} g6 {[%clk 1:25:49]} 7. Bb2 {[%clk 1:32:12]} Bg7
{[%clk 1:25:44]} 8. g3 {[%clk 1:32:34]} O-O {[%clk 1:23:10]} 9. Nh3
{[%clk 1:33:00]} Nd7 {[%clk 1:20:41]} 10. Nf4 {[%clk 1:21:20]} Nc5
{[%clk 1:18:35]} 11. Bg2 {[%clk 1:21:41]} Ne5 {[%clk 1:15:17]} 12. O-O
{[%clk 1:19:24]} a5 {[%clk 1:13:07]} 13. Rad1 {[%clk 1:17:42]} a4
{[%clk 1:09:52]} 14. Qc2 {[%clk 1:18:06]} Bd7 {[%clk 1:07:03]} 15. Nfd5
{[%clk 1:04:49]} axb3 {[%clk 1:05:06]} 16. axb3 {[%clk 1:05:12]} c6
{[%clk 1:02:14]} 17. Nf4 {[%clk 0:47:25]} Qb6 {[%clk 0:59:17]} 18. Na4
{[%clk 0:28:58]} Qxb3 {[%clk 0:55:20]} 19. Qxb3 {[%clk 0:29:07]} Nxb3
{[%clk 0:55:41]} 20. Nb6 {[%clk 0:29:34]} Rad8 {[%clk 0:54:08]} 21. Rxd6
{[%clk 0:25:26]} Bf5 {[%clk 0:51:13]} 22. Rfd1 {[%clk 0:24:42]} Rxd6
{[%clk 0:48:13]} 23. Rxd6 {[%clk 0:25:11]} Nf3+ {[%clk 0:46:56]} 24. Bxf3
{[%clk 0:25:24]} Bxb2 {[%clk 0:47:22]} 25. e4 {[%clk 0:22:45]} Bc8
{[%clk 0:46:02]} 26. Rd1 {[%clk 0:16:09]} Nc5 {[%clk 0:41:59]} 27. Nd3
{[%clk 0:12:38]} Nxd3 {[%clk 0:41:51]} 28. Nxc8 {[%clk 0:12:17]} Rxc8
{[%clk 0:41:21]} 29. Rxd3 {[%clk 0:12:25]} 1/2-1/2

[Event "Small Nations"]
[Site "?"]
[Date "2015.04.23"]
[Round "7.12"]
[White "Kahn, Tito"]
[Black "Ribbegren, Karl Johan"]
[Result "0-1"]
[BlackElo "2244"]
[WhiteElo "1942"]
[LiveChessVersion "1.4.5"]

1. c4 {[%clk 1:30:52]} Nf6 {[%clk 1:30:08]} 2. g3 {[%clk 1:31:16]} c6
{[%clk 1:29:07]} 3. Bg2 {[%clk 1:30:32]} d5 {[%clk 1:27:03]} 4. d4
{[%clk 1:30:18]} g6 {[%clk 1:24:55]} 5. Nf3 {[%clk 1:27:49]} Bg7 {[%clk 1:25:01]}
6. O-O {[%clk 1:28:12]} O-O {[%clk 1:25:09]} 7. Nc3 {[%clk 1:27:55]} dxc4
{[%clk 1:16:44]} 8. Ne5 {[%clk 1:15:20]} Be6 {[%clk 1:14:06]} 9. a4
{[%clk 1:08:25]} Nbd7 {[%clk 1:11:03]} 10. Nxd7 {[%clk 1:01:36]} Qxd7
{[%clk 1:10:04]} 11. e4 {[%clk 1:01:35]} Bh3 {[%clk 1:08:09]} 12. f3
{[%clk 0:55:11]} Bxg2 {[%clk 1:05:53]} 13. Kxg2 {[%clk 0:55:28]} Rfd8
{[%clk 1:04:20]} 14. Be3 {[%clk 0:55:44]} e6 {[%clk 1:00:15]} 15. b3
{[%clk 0:49:05]} c5 {[%clk 0:56:04]} 16. Ne2 {[%clk 0:41:23]} cxd4
{[%clk 0:51:42]} 17. Bxd4 {[%clk 0:40:57]} Ng4 18. fxg4 {[%clk 0:38:02]} Qc6
{[%clk 0:43:52]} 19. Qc2 {[%clk 0:35:20]} Bxd4 {[%clk 0:43:43]} 20. Rad1
{[%clk 0:35:08]} e5 {[%clk 0:42:37]} 21. bxc4 {[%clk 0:29:05]} Rac8
{[%clk 0:42:28]} 22. Nxd4 {[%clk 0:25:50]} exd4 {[%clk 0:42:30]} 23. g5
{[%clk 0:08:56]} Qxc4 {[%clk 0:41:29]} 24. Qf2 {[%clk 0:09:16]} d3
{[%clk 0:37:58]} 25. Qf4 {[%clk 0:08:29]} Qa2+ {[%clk 0:36:32]} 26. Rd2
{[%clk 0:07:43]} Rc2 {[%clk 0:35:50]} 27. Rff2 {[%clk 0:08:12]} Rxd2
{[%clk 0:35:48]} 28. Rxd2 {[%clk 0:08:41]} Qxa4 {[%clk 0:35:41]} 29. Kf3
{[%clk 0:07:20]} Qd4 {[%clk 0:32:12]} 30. h4 {[%clk 0:07:31]} b5 {[%clk 0:32:00]}
31. g4 {[%clk 0:07:25]} b4 {[%clk 0:31:03]} 32. h5 {[%clk 0:07:47]} b3
{[%clk 0:31:06]} 33. Qc7 {[%clk 0:03:56]} b2 {[%clk 0:29:51]} 34. Rxb2
{[%clk 0:04:16]} d2 {[%clk 0:30:07]} 0-1

[Event "Small Nations"]
[Site "?"]
[Date "2015.04.23"]
[Round "7.13"]
[White "Holland, Christopher"]
[Black "Constantinou, Pavlos"]
[Result "1-0"]
[BlackElo "2057"]
[WhiteElo "2213"]
[LiveChessVersion "1.4.5"]

1. d4 {[%clk 1:30:54]} Nf6 {[%clk 1:30:34]} 2. c4 {[%clk 1:31:12]} e6
{[%clk 1:31:01]} 3. Nc3 {[%clk 1:31:35]} Bb4 {[%clk 1:31:29]} 4. e3
{[%clk 1:30:28]} Ne4 {[%clk 1:31:49]} 5. Qc2 {[%clk 1:18:33]} f5 {[%clk 1:32:14]}
6. Bd3 {[%clk 1:12:50]} O-O {[%clk 1:32:08]} 7. Bxe4 {[%clk 1:09:23]} fxe4
{[%clk 1:32:32]} 8. Qxe4 {[%clk 1:09:43]} d5 {[%clk 1:33:00]} 9. Qc2
{[%clk 1:00:59]} e5 {[%clk 1:33:26]} 10. Bd2 {[%clk 0:48:25]} exd4
{[%clk 1:29:00]} 11. Nxd5 {[%clk 0:48:40]} Bxd2+ {[%clk 1:25:10]} 12. Qxd2
{[%clk 0:48:55]} dxe3 {[%clk 1:25:22]} 13. Nxe3 {[%clk 0:48:14]} Qxd2+
{[%clk 1:11:19]} 14. Kxd2 {[%clk 0:48:34]} Rxf2+ {[%clk 1:11:46]} 15. Kc3
{[%clk 0:48:52]} Be6 {[%clk 1:05:45]} 16. Nf3 {[%clk 0:45:37]} Nc6
{[%clk 1:01:59]} 17. Rhf1 {[%clk 0:41:35]} Rxf1 {[%clk 0:59:16]} 18. Rxf1
{[%clk 0:41:52]} Rf8 {[%clk 0:52:33]} 19. Re1 {[%clk 0:33:17]} h6
{[%clk 0:47:56]} 20. Nd5 {[%clk 0:19:47]} Bg4 {[%clk 0:46:29]} 21. Ne5
{[%clk 0:13:32]} Nxe5 {[%clk 0:41:32]} 22. Rxe5 {[%clk 0:13:58]} c6
{[%clk 0:39:37]} 23. Ne3 {[%clk 0:13:31]} Bd7 {[%clk 0:40:03]} 24. c5
{[%clk 0:10:40]} b6 {[%clk 0:36:48]} 25. b4 {[%clk 0:07:33]} bxc5
{[%clk 0:35:06]} 26. bxc5 {[%clk 0:07:52]} Kf7 {[%clk 0:29:50]} 27. Re4
{[%clk 0:06:45]} Rb8 {[%clk 0:25:04]} 28. Nc4 {[%clk 0:05:06]} Be6
{[%clk 0:23:47]} 29. Nd6+ {[%clk 0:04:01]} Kf6 {[%clk 0:23:33]} 30. Ra4
{[%clk 0:04:25]} Rb1 {[%clk 0:22:23]} 31. Rxa7 {[%clk 0:04:50]} Rc1+
{[%clk 0:22:12]} 32. Kb4 {[%clk 0:03:20]} Rb1+ {[%clk 0:21:46]} 33. Kc3
{[%clk 0:02:29]} Rc1+ {[%clk 0:22:07]} 34. Kb2 {[%clk 0:03:13]} Re1
{[%clk 0:21:23]} 35. a4 {[%clk 0:03:21]} Re2+ {[%clk 0:21:32]} 36. Kc3
{[%clk 0:03:45]} Rxg2 {[%clk 0:21:01]} 37. Ne8+ {[%clk 0:03:27]} Ke5
{[%clk 0:21:03]} 38. Re7 {[%clk 0:02:50]} Rxh2 {[%clk 0:13:07]} 39. Nc7
{[%clk 0:03:15]} Rh3+ {[%clk 0:13:20]} 40. Kb4 {[%clk 0:03:26]} Rb3+
{[%clk 0:12:20]} 41. Ka5 {[%clk 0:03:51]} Kd4 {[%clk 0:10:23]} 42. Nxe6+
{[%clk 0:20:44]} Kd5 {[%clk 0:40:33]} 43. Nc7+ {[%clk 0:21:07]} Kxc5
{[%clk 0:40:38]} 44. Rxg7 {[%clk 0:21:34]} Kd6 {[%clk 0:39:18]} 45. Na6
{[%clk 0:21:31]} c5 {[%clk 0:35:31]} 46. Rg6+ {[%clk 0:21:42]} Kd5
{[%clk 0:35:51]} 47. Rxh6 {[%clk 0:22:09]} c4 {[%clk 0:36:10]} 48. Nc7+
{[%clk 0:18:36]} Ke4 {[%clk 0:32:42]} 49. Nb5 {[%clk 0:17:28]} c3
{[%clk 0:32:40]} 50. Rc6 {[%clk 0:17:48]} Kd3 {[%clk 0:32:49]} 51. Rxc3+
{[%clk 0:18:11]} 1-0

[Event "Small Nations"]
[Site "?"]
[Date "2015.04.23"]
[Round "7.14"]
[White "Aristotelous, Vassilis"]
[Black "Hamperl, Fred"]
[Result "1-0"]
[WhiteElo "1969"]
[BlackElo "2071"]
[PlyCount "159"]
[EventDate "2015.??.??"]
[TimeControl "6000+875"]
[WhiteClock "0:05:20"]
[BlackClock "0:04:14"]

1. e4 c5 2. Nc3 Nc6 3. f4 g6 4. Nf3 Bg7 5. Bb5 Nd4 6. O-O Nxb5 7. Nxb5 a6 8.
Nc3 e6 9. d3 Ne7 10. Be3 b6 11. d4 cxd4 12. Bxd4 O-O 13. Bxg7 Kxg7 14. Qd4+ f6
15. Rad1 Qc7 16. Qd6 Qxd6 17. Rxd6 Rb8 18. Na4 Nc6 19. e5 f5 20. a3 Rf7 21.
Rfd1 Rb7 22. Nd4 Nxd4 23. R1xd4 Rc7 24. c3 Bb7 25. Nxb6 Bc6 26. a4 a5 27. b4
Rb7 28. bxa5 Ra7 29. a6 Kf8 30. c4 Ke8 31. c5 Rxa6 32. Kf2 Ra5 33. Rc4 Rf8 34.
g3 Ke7 35. Ke3 h6 36. h4 Rg8 37. Rcd4 Rd8 38. Kd3 Rxc5 39. Rc4 Ra5 40. Kc3 Ra6
41. Nxd7 Bb7 42. Nc5 Ra7 43. Rxe6+ Kf7 44. Rf6+ Ke7 45. Rxg6 Rf8 46. Rxh6 Bd5
47. Rh7+ Rf7 48. Rxf7+ Bxf7 49. e6 Be8 50. Kd4 Ra5 51. Ke5 Bxa4 52. Kxf5 Bb3
53. Rc3 Bxe6+ 54. Ke5 Bg4 55. Kd4 Ra1 56. Nd3 Rg1 57. Ne5 Bf5 58. Rf3 Kf6 59.
Ke3 Rg2 60. Kd4 Rd2+ 61. Kc5 Rd1 62. g4 Be6 63. h5 Rg1 64. g5+ Kf5 65. Kd6 Ra1
66. g6 Ra6+ 67. Kc5 Kf6 68. h6 Ra5+ 69. Kd4 Ra4+ 70. Ke3 Ra3+ 71. Kf2 Ra2+ 72.
Kg3 Bd5 73. Rf2 Ra1 74. Rh2 Rg1+ 75. Kf2 Ra1 76. h7 Ra2+ 77. Kg3 Ra3+ 78. Kh4
Kg7 79. Kg5 Rg3+ 80. Ng4 1-0

[Event "Small Nations"]
[Site "?"]
[Date "2015.04.23"]
[Round "7.15"]
[White "Kirby, Peter J"]
[Black "Kassinopoullos, Doros"]
[Result "1/2-1/2"]
[BlackElo "2099"]
[WhiteElo "1990"]
[LiveChessVersion "1.4.5"]

1. c4 {[%clk 1:30:57]} c5 {[%clk 1:30:35]} 2. g3 {[%clk 1:31:22]} g6
{[%clk 1:30:52]} 3. Bg2 {[%clk 1:31:46]} Bg7 {[%clk 1:31:10]} 4. Nc3
{[%clk 1:32:10]} Nc6 {[%clk 1:31:04]} 5. Nf3 {[%clk 1:32:35]} Nf6
{[%clk 1:31:27]} 6. d4 {[%clk 1:33:00]} cxd4 {[%clk 1:31:35]} 7. Nxd4
{[%clk 1:33:25]} O-O {[%clk 1:31:47]} 8. O-O {[%clk 1:33:46]} Nxd4
{[%clk 1:31:09]} 9. Qxd4 {[%clk 1:34:14]} d6 {[%clk 1:31:15]} 10. Qd3
{[%clk 1:34:08]} a6 {[%clk 1:30:45]} 11. Rd1 {[%clk 1:27:37]} Qa5
{[%clk 1:21:33]} 1/2-1/2

[Event "Small Nations"]
[Site "?"]
[Date "2015.04.23"]
[Round "7.16"]
[White "Hadjikyriakou, Arsenios"]
[Black "Brookfield, Toby"]
[Result "1-0"]
[BlackElo "1877"]
[WhiteElo "1859"]
[LiveChessVersion "1.4.5"]

1. d4 {[%clk 1:30:56]} f5 {[%clk 1:30:51]} 2. c4 {[%clk 1:31:08]} Nf6
{[%clk 1:31:09]} 3. Nc3 {[%clk 1:31:30]} e6 {[%clk 1:31:20]} 4. f3
{[%clk 1:31:46]} Bb4 {[%clk 1:28:35]} 5. Bd2 {[%clk 1:32:08]} Bxc3
{[%clk 1:28:42]} 6. Bxc3 {[%clk 1:32:30]} O-O {[%clk 1:27:56]} 7. e3
{[%clk 1:32:40]} d6 {[%clk 1:27:32]} 8. Bd3 {[%clk 1:31:39]} Nc6 {[%clk 1:17:16]}
9. Qd2 {[%clk 1:25:05]} e5 {[%clk 1:15:00]} 10. Ne2 {[%clk 1:20:44]} e4
{[%clk 1:07:09]} 11. Bc2 {[%clk 1:20:57]} d5 {[%clk 1:06:15]} 12. O-O-O
{[%clk 1:16:39]} Kh8 {[%clk 1:03:03]} 13. Nf4 {[%clk 1:08:07]} dxc4
{[%clk 0:55:01]} 14. d5 {[%clk 1:07:20]} Ne7 {[%clk 0:53:32]} 15. Qd4
{[%clk 1:05:43]} Qd6 {[%clk 0:53:32]} 16. g4 {[%clk 1:05:43]} c5 {[%clk 0:53:32]}
17. Qxc4 {[%clk 1:05:43]} Bd7 {[%clk 0:53:32]} 18. Ne6 {[%clk 1:05:43]} Bxe6
{[%clk 0:53:32]} 19. dxe6 {[%clk 1:05:43]} Nfd5 {[%clk 0:53:32]} 20. gxf5
{[%clk 1:05:43]} Nxe3 {[%clk 0:53:32]} 21. Bxg7+ {[%clk 1:05:43]} Kg8
{[%clk 0:53:32]} 22. Rxd6 {[%clk 1:05:43]} Nxc4 {[%clk 0:53:32]} 23. Bxf8
{[%clk 1:05:43]} Kxf8 {[%clk 0:53:32]} 24. Rd7 {[%clk 1:05:43]} Nxf5
{[%clk 0:53:32]} 25. Rf7+ {[%clk 1:05:43]} 1-0

[Event "Small Nations"]
[Site "?"]
[Date "2015.04.23"]
[Round "7.17"]
[White "Pace, Colin"]
[Black "Kobler, Mario"]
[Result "1-0"]
[BlackElo "2108"]
[WhiteElo "2120"]
[LiveChessVersion "1.4.5"]

1. e4 {[%clk 1:30:56]} Nf6 {[%clk 1:30:55]} 2. e5 {[%clk 1:30:59]} Nd5
{[%clk 1:31:19]} 3. d4 {[%clk 1:31:23]} d6 {[%clk 1:31:40]} 4. c4
{[%clk 1:30:58]} Nb6 {[%clk 1:31:58]} 5. exd6 {[%clk 1:31:11]} exd6
{[%clk 1:32:14]} 6. Nc3 {[%clk 1:30:16]} Be7 {[%clk 1:32:26]} 7. h3
{[%clk 1:29:37]} Nc6 {[%clk 1:30:48]} 8. Be3 {[%clk 1:18:05]} Bf5
{[%clk 1:27:17]} 9. Nf3 {[%clk 1:06:59]} O-O {[%clk 1:26:19]} 10. b3
{[%clk 0:53:29]} Re8 {[%clk 1:24:04]} 11. Be2 {[%clk 0:45:47]} Bf6
{[%clk 1:21:33]} 12. O-O {[%clk 0:44:23]} d5 {[%clk 1:21:00]} 13. c5
{[%clk 0:42:40]} Nc8 {[%clk 1:21:20]} 14. Qd2 {[%clk 0:39:52]} h6
{[%clk 1:12:17]} 15. a3 {[%clk 0:30:20]} N8e7 {[%clk 1:09:46]} 16. b4
{[%clk 0:30:39]} a6 {[%clk 1:06:27]} 17. Rfe1 {[%clk 0:25:55]} Be4
{[%clk 0:56:42]} 18. b5 {[%clk 0:18:12]} axb5 {[%clk 0:55:35]} 19. Nxb5
{[%clk 0:18:40]} Nf5 {[%clk 0:49:06]} 20. a4 {[%clk 0:13:00]} Nxe3
{[%clk 0:43:47]} 21. fxe3 {[%clk 0:12:22]} Ne7 {[%clk 0:43:21]} 22. Nc3
{[%clk 0:11:42]} Nf5 {[%clk 0:38:35]} 23. Ra3 {[%clk 0:07:29]} Bg5
{[%clk 0:27:20]} 24. Nxg5 {[%clk 0:06:41]} Qxg5 {[%clk 0:27:35]} 25. Nxe4
{[%clk 0:06:53]} Rxe4 {[%clk 0:26:40]} 26. Bf3 {[%clk 0:03:34]} Rxd4
{[%clk 0:26:36]} 27. Qb2 {[%clk 0:01:02]} Nh4 {[%clk 0:23:05]} 28. exd4
{[%clk 0:01:21]} Rxa4 {[%clk 0:23:06]} 29. Re8+ {[%clk 0:01:23]} 1-0

[Event "Small Nations"]
[Site "?"]
[Date "2015.04.23"]
[Round "7.18"]
[White "Frick, Renato"]
[Black "Cilia Vincenti, David"]
[Result "1/2-1/2"]
[BlackElo "2078"]
[WhiteElo "2056"]
[LiveChessVersion "1.4.5"]

1. e4 {[%clk 1:30:56]} d5 {[%clk 1:30:55]} 2. exd5 {[%clk 1:31:13]} Qxd5
{[%clk 1:31:18]} 3. Nc3 {[%clk 1:31:36]} Qd8 {[%clk 1:31:39]} 4. d4
{[%clk 1:31:57]} Nf6 {[%clk 1:31:58]} 5. Nf3 {[%clk 1:32:17]} Bg4
{[%clk 1:32:12]} 6. h3 {[%clk 1:32:23]} Bxf3 {[%clk 1:32:35]} 7. Qxf3
{[%clk 1:32:46]} c6 {[%clk 1:32:58]} 8. Be3 {[%clk 1:32:05]} e6 {[%clk 1:33:01]}
9. Bd3 {[%clk 1:31:36]} Nbd7 {[%clk 1:30:45]} 10. O-O {[%clk 1:31:41]} Be7
{[%clk 1:29:59]} 11. Rad1 {[%clk 1:27:51]} O-O {[%clk 1:29:25]} 12. Ne2
{[%clk 1:21:10]} Nd5 {[%clk 1:20:57]} 13. c4 {[%clk 1:17:20]} Nxe3
{[%clk 1:19:32]} 14. fxe3 {[%clk 1:17:32]} Qc7 {[%clk 0:55:09]} 15. Rf2
{[%clk 1:03:53]} c5 {[%clk 0:46:33]} 16. Qe4 {[%clk 1:00:45]} g6 {[%clk 0:46:46]}
17. Rdf1 {[%clk 1:00:59]} cxd4 {[%clk 0:37:56]} 18. exd4 {[%clk 0:57:09]} Bg5
{[%clk 0:31:43]} 19. h4 {[%clk 0:47:32]} Bh6 {[%clk 0:30:12]} 20. g4
{[%clk 0:47:33]} Rae8 {[%clk 0:28:33]} 21. g5 {[%clk 0:41:43]} Bg7
{[%clk 0:27:35]} 22. h5 {[%clk 0:41:50]} f5 {[%clk 0:24:09]} 23. Qh4
{[%clk 0:33:56]} Rf7 {[%clk 0:20:47]} 24. Rh2 {[%clk 0:31:21]} gxh5
{[%clk 0:19:15]} 25. Qxh5 {[%clk 0:30:04]} Nf8 {[%clk 0:14:24]} 26. Rf4
{[%clk 0:28:16]} Bh8 {[%clk 0:14:11]} 27. Rfh4 Qa5 {[%clk 0:09:50]} 28. Nc3
{[%clk 0:15:42]} Qd8 {[%clk 0:07:32]} 29. Ne2 {[%clk 0:14:42]} Qa5
{[%clk 0:07:53]} 30. Nc3 {[%clk 0:14:57]} Qd8 {[%clk 0:08:11]} 31. Ne2
{[%clk 0:12:53]} 1/2-1/2

[Event "Small Nations"]
[Site "?"]
[Date "2015.04.23"]
[Round "7.19"]
[White "Darmanin, Jake"]
[Black "Jelic, Dejan"]
[Result "1/2-1/2"]
[BlackElo "1968"]
[WhiteElo "1984"]
[LiveChessVersion "1.4.5"]

1. e4 {[%clk 1:30:55]} e6 {[%clk 1:30:57]} 2. d4 {[%clk 1:31:16]} d5
{[%clk 1:31:22]} 3. Nc3 {[%clk 1:31:41]} Bb4 {[%clk 1:31:40]} 4. exd5
{[%clk 1:31:50]} exd5 {[%clk 1:31:53]} 5. Bd3 {[%clk 1:31:38]} Nc6
{[%clk 1:31:44]} 6. a3 {[%clk 1:31:39]} Bxc3+ {[%clk 1:31:57]} 7. bxc3
{[%clk 1:32:07]} Nf6 {[%clk 1:27:53]} 8. Ne2 {[%clk 1:25:18]} Ne4
{[%clk 1:23:37]} 9. c4 {[%clk 1:07:17]} Bf5 {[%clk 1:14:45]} 10. f3
{[%clk 1:00:00]} Qh4+ {[%clk 0:50:54]} 11. g3 {[%clk 0:59:56]} Nxg3
{[%clk 0:51:16]} 12. Nxg3 {[%clk 1:00:18]} Nxd4 {[%clk 0:50:59]} 13. cxd5
{[%clk 0:25:34]} O-O {[%clk 0:50:36]} 14. O-O {[%clk 0:24:31]} Bh3
{[%clk 0:37:13]} 15. Re1 {[%clk 0:23:21]} Rfe8 {[%clk 0:36:48]} 16. Re4
{[%clk 0:19:06]} Rxe4 {[%clk 0:36:45]} 17. Bxe4 {[%clk 0:18:57]} Nb5
{[%clk 0:31:18]} 18. Bb2 {[%clk 0:15:52]} Re8 {[%clk 0:29:48]} 19. a4
{[%clk 0:15:21]} Nd6 {[%clk 0:30:05]} 20. Qd4 {[%clk 0:14:26]} f6
{[%clk 0:29:46]} 21. c4 {[%clk 0:12:51]} Re5 {[%clk 0:25:57]} 22. c5
{[%clk 0:09:14]} Rg5 {[%clk 0:23:55]} 23. Bxh7+ {[%clk 0:07:44]} Qxh7
{[%clk 0:24:17]} 24. cxd6 {[%clk 0:08:04]} Qc2 {[%clk 0:22:37]} 25. Qf2
{[%clk 0:08:28]} Qxf2+ {[%clk 0:21:59]} 26. Kxf2 {[%clk 0:08:56]} Rxd5
{[%clk 0:21:41]} 27. Ne4 {[%clk 0:06:49]} cxd6 {[%clk 0:21:08]} 28. Ba3
{[%clk 0:07:08]} Bd7 {[%clk 0:20:08]} 29. Nxd6 {[%clk 0:06:34]} Bxa4
{[%clk 0:20:09]} 30. Nxb7 {[%clk 0:06:46]} Bc6 {[%clk 0:20:23]} 31. Nc5
{[%clk 0:06:18]} Rf5 {[%clk 0:20:08]} 32. Ra2 {[%clk 0:04:32]} Rxf3+
{[%clk 0:20:28]} 33. Kg1 {[%clk 0:04:02]} Bd5 {[%clk 0:19:41]} 34. Ra1
{[%clk 0:04:23]} Rc3 {[%clk 0:18:57]} 35. Na6 {[%clk 0:03:10]} Rc2
{[%clk 0:18:36]} 36. Bd6 {[%clk 0:03:35]} Ra2 {[%clk 0:17:04]} 37. Rxa2
{[%clk 0:02:03]} Bxa2 {[%clk 0:17:29]} 38. Kf2 {[%clk 0:01:43]} Bc4
{[%clk 0:17:31]} 39. Nb4 {[%clk 0:01:31]} a5 {[%clk 0:17:32]} 40. Nc2
{[%clk 0:01:20]} Kf7 {[%clk 0:15:10]} 41. Ke3 {[%clk 0:29:46]} Be6
{[%clk 0:43:57]} 42. Nd4 {[%clk 0:29:41]} Bd7 {[%clk 0:43:59]} 43. Kd3
{[%clk 0:28:33]} a4 {[%clk 0:43:48]} 44. Kc4 {[%clk 0:28:35]} g5 {[%clk 0:43:09]}
45. Kb4 {[%clk 0:27:52]} Kg6 {[%clk 0:42:40]} 46. Be7 {[%clk 0:22:19]} Bh3
{[%clk 0:37:37]} 47. Kxa4 {[%clk 0:21:44]} f5 {[%clk 0:35:54]} 48. Kb4
{[%clk 0:15:11]} f4 {[%clk 0:35:39]} 49. Bd6 {[%clk 0:11:49]} Kh5
{[%clk 0:33:59]} 50. Kc3 {[%clk 0:10:23]} Bg2 {[%clk 0:33:15]} 51. Kd2 1/2-1/2

[Event "Small Nations"]
[Site "?"]
[Date "2015.04.23"]
[Round "7.20"]
[White "Muendle, Kurt"]
[Black "Psaila, Clarence"]
[Result "1/2-1/2"]
[BlackElo "2063"]
[WhiteElo "1863"]
[LiveChessVersion "1.4.5"]

1. d4 {[%clk 1:30:52]} e6 {[%clk 1:30:51]} 2. c4 {[%clk 1:31:07]} f5
{[%clk 1:31:15]} 3. Nc3 {[%clk 1:31:00]} Nf6 {[%clk 1:31:38]} 4. g3
{[%clk 1:31:11]} Be7 {[%clk 1:31:53]} 5. Bg2 {[%clk 1:31:11]} O-O
{[%clk 1:32:10]} 6. Nh3 {[%clk 1:30:49]} d6 {[%clk 1:32:14]} 7. O-O
{[%clk 1:30:57]} e5 {[%clk 1:31:37]} 8. Bg5 {[%clk 1:28:37]} c6 {[%clk 1:30:01]}
9. dxe5 {[%clk 1:26:43]} dxe5 {[%clk 1:30:12]} 10. Qc2 {[%clk 1:24:32]} Qe8
{[%clk 1:29:46]} 11. Rad1 {[%clk 1:23:45]} f4 {[%clk 1:14:11]} 12. Bxf6
{[%clk 1:13:22]} Bxf6 {[%clk 1:13:28]} 13. Kh1 {[%clk 1:11:08]} Qh5
{[%clk 1:11:06]} 14. Ng1 {[%clk 1:11:15]} Na6 {[%clk 1:09:27]} 15. Ne4
{[%clk 1:07:06]} Be7 {[%clk 0:58:03]} 16. Nd6 {[%clk 0:45:54]} Bxd6
{[%clk 0:39:07]} 17. Rxd6 {[%clk 0:46:10]} Bf5 {[%clk 0:39:27]} 18. Qc3
{[%clk 0:39:38]} Rae8 {[%clk 0:33:04]} 19. Bf3 {[%clk 0:35:12]} Qf7
{[%clk 0:31:51]} 20. Bg2 {[%clk 0:28:21]} Nc5 {[%clk 0:30:05]} 21. b4
{[%clk 0:23:10]} Na4 {[%clk 0:21:31]} 22. Qc1 {[%clk 0:18:41]} Nb6
{[%clk 0:18:45]} 23. c5 {[%clk 0:14:48]} Nc8 {[%clk 0:18:25]} 24. Rd2
{[%clk 0:15:02]} g5 {[%clk 0:15:49]} 25. Nf3 {[%clk 0:12:48]} Qh5
{[%clk 0:15:50]} 26. Qc3 {[%clk 0:11:46]} Bh3 {[%clk 0:08:14]} 27. Nxe5
{[%clk 0:08:26]} fxg3 {[%clk 0:07:23]} 28. Qxg3 {[%clk 0:07:57]} Bxg2+
{[%clk 0:07:26]} 29. Kxg2 {[%clk 0:08:18]} Rf4 {[%clk 0:07:09]} 30. Qb3+
{[%clk 0:07:29]} Kg7 {[%clk 0:05:42]} 31. Qc3 {[%clk 0:04:31]} Kh6
{[%clk 0:05:23]} 32. Rfd1 {[%clk 0:04:09]} Re6 {[%clk 0:04:21]} 33. f3
{[%clk 0:03:02]} Ref6 {[%clk 0:02:10]} 1/2-1/2

[Event "Small Nations"]
[Site "?"]
[Date "2015.04.25"]
[Round "8.1"]
[White "Jouault, Louis"]
[Black "Berend, Fred"]
[Result "1-0"]
[WhiteElo "1908"]
[BlackElo "2349"]
[PlyCount "162"]
[EventDate "2015.??.??"]
[TimeControl "6000+1500"]
[WhiteClock "0:09:49"]
[BlackClock "0:09:37"]

1. e4 c5 2. Nc3 Nc6 3. f4 g6 4. Nf3 Bg7 5. Bb5 Nd4 6. O-O Nxb5 7. Nxb5 d5 8.
exd5 a6 9. Nc3 Nf6 10. d4 c4 11. Ne5 Nxd5 12. Qf3 Nf6 13. Be3 O-O 14. d5 Bf5
15. Rf2 b5 16. g4 Bd7 17. Rd1 Qc8 18. h3 b4 19. Ne4 Nxe4 20. Qxe4 f5 21. Qxc4
fxg4 22. Qxc8 Bxc8 23. hxg4 Bxe5 24. fxe5 Bxg4 25. Rd4 Rxf2 26. Bxf2 Bf5 27. d6
exd6 28. exd6 Rd8 29. Rd2 Rd7 30. Bb6 Kf7 31. Ba5 Rb7 32. Bc7 Ke8 33. Re2+ Kd7
34. Re7+ Kc6 35. Rxh7 Rb5 36. Rh4 Kd7 37. Rh7+ Kc6 38. Rh4 Be6 39. Rd4 Kd7 40.
a4 bxa3 41. bxa3 Rg5+ 42. Kf2 Rc5 43. Rd2 Bf5 44. a4 Bxc2 45. a5 Bf5 46. Kg3 g5
47. Re2 Rc3+ 48. Kf2 Be6 49. Re3 Rc2+ 50. Kg3 Rd2 51. Ra3 Rd1 52. Re3 Rd4 53.
Rc3 Rh4 54. Re3 Rh7 55. Re5 Rh3+ 56. Kg2 g4 57. Rg5 Rd3 58. Rg7+ Kc6 59. Kf2
Bf5 60. Kg2 Be4+ 61. Kf2 Rf3+ 62. Kg1 g3 63. Rg4 Re3 64. Kf1 Bd5 65. Bb6 Rb3
66. Ke1 Kxd6 67. Rg6+ Ke7 68. Bc5+ Kf7 69. Rxa6 Rb1+ 70. Kd2 g2 71. Ra7+ Kg8
72. Rd7 Bc4 73. Rc7 Bd5 74. Rd7 Rb5 75. Rd8+ Kf7 76. Rd7+ Ke6 77. Rg7 Rxc5 78.
Ke3 Rxa5 79. Kf2 Ra2+ 80. Kg1 Ra1+ 81. Kf2 Rf1+ 1-0

[Event "Small Nations"]
[Site "?"]
[Date "2015.04.25"]
[Round "8.2"]
[White "Wiedenkeller, Michael"]
[Black "Mooney, Graham"]
[Result "1-0"]
[BlackElo "1870"]
[WhiteElo "2470"]
[LiveChessVersion "1.4.5"]

1. d4 {[%clk 1:30:42]} d6 {[%clk 1:30:50]} 2. c4 {[%clk 1:30:55]} e5
{[%clk 1:31:04]} 3. d5 {[%clk 1:31:03]} f5 {[%clk 1:31:22]} 4. e4
{[%clk 1:31:22]} Nf6 {[%clk 1:31:10]} 5. exf5 {[%clk 1:31:26]} Bxf5
{[%clk 1:26:14]} 6. Ne2 {[%clk 1:30:31]} Be7 {[%clk 1:23:26]} 7. Ng3
{[%clk 1:30:25]} Bg6 {[%clk 1:20:33]} 8. Nc3 {[%clk 1:29:38]} Nbd7
{[%clk 1:17:59]} 9. h4 {[%clk 1:15:09]} h6 {[%clk 1:04:51]} 10. h5
{[%clk 1:05:23]} Bf7 {[%clk 1:03:48]} 11. Bd3 {[%clk 1:00:25]} e4
{[%clk 0:55:22]} 12. Ncxe4 {[%clk 0:55:36]} Ne5 {[%clk 0:55:14]} 13. Be2
{[%clk 0:54:37]} O-O {[%clk 0:54:25]} 14. O-O {[%clk 0:49:07]} c6
{[%clk 0:53:27]} 15. Nxf6+ {[%clk 0:46:49]} Bxf6 {[%clk 0:51:05]} 16. Ne4
{[%clk 0:46:19]} Be7 {[%clk 0:50:35]} 17. Be3 {[%clk 0:40:11]} cxd5
{[%clk 0:48:08]} 18. cxd5 {[%clk 0:38:40]} Nd7 {[%clk 0:39:04]} 19. Qb3
{[%clk 0:34:49]} b6 {[%clk 0:35:00]} 20. Bd4 {[%clk 0:22:12]} Bf6
{[%clk 0:29:38]} 21. Rad1 {[%clk 0:17:11]} Bxd4 {[%clk 0:23:27]} 22. Rxd4
{[%clk 0:17:35]} Nc5 {[%clk 0:23:30]} 23. Qg3 {[%clk 0:14:35]} Nxe4
{[%clk 0:21:32]} 24. Rxe4 {[%clk 0:15:03]} Qf6 {[%clk 0:16:44]} 25. Rb4
{[%clk 0:10:52]} Rac8 {[%clk 0:14:35]} 26. Bg4 {[%clk 0:10:10]} Rc7
{[%clk 0:09:15]} 27. Rd1 {[%clk 0:08:18]} Kh8 {[%clk 0:06:25]} 28. Rf4
{[%clk 0:06:14]} Qxb2 {[%clk 0:06:15]} 29. Be6 {[%clk 0:06:17]} Qe2
{[%clk 0:05:37]} 30. Qd3 {[%clk 0:02:27]} Qxh5 {[%clk 0:04:37]} 31. Re1
{[%clk 0:02:49]} Kg8 {[%clk 0:03:14]} 32. g4 {[%clk 0:02:59]} Qg5
{[%clk 0:03:15]} 33. Qf3 {[%clk 0:03:22]} h5 {[%clk 0:02:36]} 34. Ree4
{[%clk 0:02:22]} hxg4 {[%clk 0:02:38]} 35. Rxg4 {[%clk 0:02:41]} Rc1+
{[%clk 0:02:41]} 36. Kg2 {[%clk 0:02:50]} Qh6 {[%clk 0:02:17]} 37. Bxf7+
{[%clk 0:02:43]} Rxf7 {[%clk 0:02:37]} 38. Re8+ {[%clk 0:03:06]} Kh7
{[%clk 0:03:02]} 39. Qe4+ {[%clk 0:03:14]} g6 {[%clk 0:00:54]} 40. Rh4
{[%clk 0:03:34]} Rxf2+ {[%clk 0:01:21]} 41. Kxf2 {[%clk 0:03:36]} 1-0